00499nam a22001217a 4500008004100000040005500041080001700096245015300113260005800266300001600324650001800340653001900358230331b |||||||| |||| 00| 0 eng d aNational Science LibrarycNational Science Library aR339.9bP2;1 aCompilation of foreign collaboration approvals: bPrepared under the national register of foreign collaborationsc/ Ministry of Science & Technology aNew Delhi: bMinistry of Science & Technology, c2009 aviii, 671p. aWorld Economy aForeign trade